|
|
|
|
| LEADER |
00000nam a22000007a 4500 |
| 005 |
2019021404024.0 |
| 007 |
cr|||| |||| |
| 008 |
190214s2018 es |||||s|||| 00||0 spa d |
| 020 |
|
|
|a 978-84-9148-867-5
|
| 035 |
|
|
|a 22740
|
| 040 |
|
|
|a vLex
|
| 090 |
|
|
|c 8436
|d 8436
|
| 100 |
1 |
|
|a Iglesias Garca̕, Manuel Još
|
| 245 |
1 |
2 |
|a La relevancia del tt̕ulo oficial del perito criminals̕tico nombrado por el Juez en la jurisdiccin̤ penal espaǫla
|h [Recurso electrn̤ico] /
|c Manuel Jos ̌Iglesias Garca̕, Jos ̌Carlos Franco Rodrg̕uez, Francisco Javier Pombar Crespo, Carlos Garca̕ Corrochano, Jos ̌Juan Lucena Molina
|
| 256 |
|
|
|a Servicio en ln̕ea
|
| 260 |
|
|
|a Madrid:
|b Dykinson,
|c 2018
|
| 300 |
|
|
|a 1 recurso electrn̤ico
|
| 500 |
|
|
|a Artc̕ulo 340.1 de la Ley de Enjuiciamiento Civil: ±Los peritos deberǹ poseer el tt̕ulo oficial que corresponda a la materia objeto del dictamen y a la naturaleza de šte. Si se tratare de materias que no estň comprendidas en tt̕ulos profesionales oficiales, habrǹ de ser nombrados entre personas entendidas en aquellas materias».
|
| 506 |
1 |
|
|a Disponible solo en los productos indicados
|d vLex Global
|d vLex Global (Academic Edition, excluding Law Schools)
|d vLex Global (U.S. Academic Edition, Law Schools)
|d vLex Global (U.S. Academic Edition, excluding Law Schools)
|d vLex Global (Academic Edition, Law Schools)
|
| 650 |
0 |
4 |
|a Procedimiento Penal
|z Espaą
|
| 650 |
0 |
4 |
|a Procedimiento Civil
|z Espaą
|
| 700 |
1 |
|
|a Franco Rodrg̕uez, Jos ̌Carlos
|
| 700 |
1 |
|
|a Pombar Crespo, Francisco Javier
|
| 700 |
1 |
|
|a Garca̕ Corrochano, Carlos
|
| 700 |
1 |
|
|a Lucena Molina, Jos ̌Juan
|
| 740 |
0 |
|
|a vLex Libros (Servicio en ln̕ea)
|
| 856 |
4 |
0 |
|u http://vlex.com/source/relevancia-del-titulo-oficial-del-perito-criminalistico-nombrado-por-el-juez-en-la-jurisdiccion-penal-espa-ola-22740
|z Acceso restringido
|
| 942 |
|
|
|c BOOK
|
| 999 |
0 |
|
|a Criminal Procedure
|
| 999 |
0 |
|
|a Civil Procedure
|